000 00505nam a22001937a 4500
003 PILC
005 20160129105141.0
008 121115t xxu||||| |||| 00| 0 eng d
020 _a9780441141562
050 _aPS 3553
_b.D152 1991
082 _aFIC
_bD17o 1991
100 _aDalton, Sean
_920747
245 _aBeyond the void
_cSean Dalton
260 _aNew York :
_bAce Books,
_c1991.
300 _a203 p. :
_c17 cm
440 _aOperation Starhawks book three
942 _2lcc
_cBK
999 _c11622
_d11622